000 00617nam a2200229Ia 4500
003 0100
008 130307s9999 xx 000 0 und d
020 _a1899025065
040 _cARRUPELIB
050 _aBL600.C69 1998
245 _aRites of passage in contemporary Africa
245 _binteraction between Christian and African traditional religions
260 _aCardiff
260 _bCardiff Academic Press
260 _cc1998.
300 _axx
300 _b259 p. 23 cm.
440 _aReligion in contemporary Africa series
650 _aRELIGION
700 _aCox, James L. (ed.)
942 0 0 _01
999 _c95227
_d95227